000 00291nam a22001217a 4500
008 170504b xxu||||| |||| 00| 0 eng d
041 _aeng
080 _a342
100 _a13
101 _aSHJ
245 _aLAW OF EMPLOYEE PENSION AND WEALFARE BEIFITS
_cFROLIK.L.A
942 _2udc
_cBK
999 _c12617
_d12617